| 000 | 00614nam a2200205Ia 4500 | ||
|---|---|---|---|
| 003 | OSt | ||
| 005 | 20250716091831.0 | ||
| 008 | 210210b1997 xxu||||| |||| 00| 0 eng d | ||
| 040 | _cAL | ||
| 041 | _aKannada | ||
| 082 | _a954.87K RAGK | ||
| 100 |
_aRAGHAVENDRA PRABHU (M) _992338 _dರಾಘವೇಂದ್ರ ಪ್ರಭು (ಎಂ) |
||
| 245 |
_aKarnatakada itihasa _bಕರ್ನಾಟಕದ ಇತಿಹಾಸ |
||
| 260 |
_aBengaluru. _bJupitar Books, MCC Publications., _c1997 |
||
| 300 | _a227 | ||
| 650 |
_aII PUC _992339 |
||
| 690 |
_aKarnataka History _992340 |
||
| 906 | _a052187 | ||
| 942 |
_2ddc _cBK |
||
| 999 |
_c100322 _d100322 |
||